Methallographic Atlas of Powder Metallurgy /

Salvato in:
Dettagli Bibliografici
Autori principali: Huppmann, W.J (Autore), Dalal, K (Autore)
Natura: Libro
Pubblicazione: Freiburg : Verlag Schmid, 1986
Tags: Aggiungi Tag
Nessun Tag, puoi essere il primo ad aggiungerne!!

MARC

LEADER 00000nam a22000003a 4500
001 stu46549
005 20150617225710.6
008 ------s1986----gw----------------------d
040 |a STU  |b slo 
041 0
044 |a gw 
080 |a 621.762 
100 1 |a Huppmann, W.J  |4 aut 
245 1 |a Methallographic Atlas of Powder Metallurgy /  |c [aut.] Huppmann,W.J.; Dalal,K 
260 |a Freiburg :  |b Verlag Schmid,  |c 1986 
300 |a 190 s 
700 1 |a Dalal, K  |4 aut 
996 |b J84442  |c J*84442/K 13  |l JJK13  |s P  |a 0  |w stu46549_0001